[Event "EYCC G16"]
[Site "Halkidiki GRE"]
[Date "2001.09.02"]
[EventDate "2001.08.31"]
[Round "3"]
[Result "0-1"]
[White "Vera Papadopoulou"]
[Black "Natalia Pogonina"]
[WhiteElo "2193"]
[BlackElo "2265"]
[PlyCount "80"]

1. d4 Nf6 2. c4 c5 3. d5 b5 4. cxb5 a6 5. bxa6 Bxa6 6. Nc3 g6
7. e4 Bxf1 8. Kxf1 d6 9. g3 Bg7 10. Kg2 O-O 11. Nge2 Nbd7
12. Qc2 Ra6 13. a4 Qa8 14. Nb5 Qb7 15. Nec3 e6 16. Rd1 exd5
17. exd5 Ne5 18. Bf4 Re8 19. Bxe5 Rxe5 20. Qd3 h5 21. Na3 Re8
22. Nc4 Ng4 23. Nb5 Qd7 24. h3 Ne5 25. Nxe5 Rxe5 26. Ra2 h4
27. g4 Ra8 28. b3 f5 29. f4 Re4 30. Qf3 Rae8 31. Rd3 Qe7
32. g5 Re1 33. Kf2 Qd8 34. Rdd2 Qb6 35. Kg2 R8e3 36. Qf2 Rg3+
37. Kh2 Ree3 38. Qf1 Rxb3 39. Re2 c4 40. Re8+ Kh7 0-1

[Event "EYCC G16"]
[Site "Halkidiki GRE"]
[Date "2001.09.03"]
[EventDate "2001.08.31"]
[Round "4"]
[Result "1/2-1/2"]
[White "Natalia Pogonina"]
[Black "Alexandra Vakhania"]
[WhiteElo "2265"]
[BlackElo "2116"]
[PlyCount "70"]

1. e4 c5 2. Nf3 d6 3. d4 cxd4 4. Nxd4 Nf6 5. Nc3 g6 6. Be3 Bg7
7. f3 O-O 8. Qd2 Nc6 9. Bc4 Bd7 10. O-O-O Rc8 11. Bb3 Nxd4
12. Bxd4 b5 13. e5 dxe5 14. Bxe5 Bc6 15. Qxd8 Rfxd8 16. Rhe1
e6 17. a4 bxa4 18. Nxa4 Rxd1+ 19. Rxd1 Bd5 20. Rd3 Nh5
21. Bxg7 Bxb3 22. Rxb3 Kxg7 23. g3 Rc7 24. Rc3 Rd7 25. Nc5 Rd5
26. Ne4 Nf6 27. Nxf6 Kxf6 28. Rc7 a5 29. c4 Rd3 30. f4 Rf3
31. c5 e5 32. fxe5+ Kxe5 33. Rd7 Ke6 34. Rd6+ Ke5 35. Rd7 Ke6
1/2-1/2

[Event "EYCC G16"]
[Site "Halkidiki GRE"]
[Date "2001.09.04"]
[EventDate "2001.08.31"]
[Round "5"]
[Result "0-1"]
[White "Kateryna Areshchenko"]
[Black "Natalia Pogonina"]
[WhiteElo "2146"]
[BlackElo "2265"]
[PlyCount "70"]

1. e4 c5 2. Nc3 Nc6 3. g3 g6 4. Bg2 Bg7 5. f4 d6 6. Nf3 e6
7. O-O Nge7 8. d3 O-O 9. Bd2 Rb8 10. Rb1 b5 11. a3 b4 12. axb4
cxb4 13. Ne2 Qb6+ 14. Kh1 a5 15. Be1 Ba6 16. Bf2 Qb5 17. Nfd4
Nxd4 18. Nxd4 Qd7 19. Bg1 Bb7 20. Qe2 Rbc8 21. g4 e5 22. fxe5
Bxe5 23. g5 Nc6 24. Nxc6 Qxc6 25. d4 Ba6 26. Qe3 Bxf1 27. Rxf1
Bg7 28. Re1 Qc4 29. c3 Qb3 30. Qd2 bxc3 31. bxc3 a4 32. Bf1 a3
33. c4 a2 34. Ra1 Ra8 35. Bd3 Ra3 0-1

[Event "EYCC G16"]
[Site "Halkidiki GRE"]
[Date "2001.09.07"]
[EventDate "2001.08.31"]
[Round "7"]
[Result "0-1"]
[White "Irina Vasilevich"]
[Black "Natalia Pogonina"]
[WhiteElo "2227"]
[BlackElo "2265"]
[PlyCount "120"]

1. e4 c5 2. Nf3 d6 3. d4 cxd4 4. Nxd4 Nf6 5. Nc3 g6 6. g3 Bg7
7. Bg2 O-O 8. O-O Bg4 9. f3 Bd7 10. Be3 Nc6 11. Nde2 Qc7
12. h3 Na5 13. Bd4 Rac8 14. Kh2 b5 15. Rc1 Bc6 16. b3 b4
17. Nb1 e5 18. Be3 d5 19. Bc5 Rfd8 20. Bxb4 dxe4 21. Qe1 Nb7
22. fxe4 Bxe4 23. Bxe4 Nxe4 24. Nec3 Nxc3 25. Bxc3 Rd5 26. Qe2
Rc5 27. Rcd1 Nd6 28. Bb4 Rxc2 29. Rd2 Nf5 30. Na3 Rxd2
31. Bxd2 Qb7 32. Nc4 Rd8 33. Qg2 Qe7 34. Re1 Nd4 35. Bf4 f6
36. Bc1 Qd7 37. Ba3 Qf5 38. Rf1 Qe6 39. Qb7 Qd5 40. Qxd5+ Rxd5
41. g4 Ne6 42. Bc1 Kf7 43. Be3 a6 44. b4 Ke7 45. a4 e4 46. Nb6
Rd3 47. b5 axb5 48. axb5 Nc7 49. Bc5+ Ke6 50. Rb1 f5 51. gxf5+
gxf5 52. Na4 Be5+ 53. Kg2 Rd2+ 54. Kf1 Ra2 55. Nb6 Ra1
56. Rxa1 Bxa1 57. Ke2 Nxb5 58. Bf2 Bd4 59. Bxd4 Nxd4+ 60. Ke3
Nc2+ 0-1

[Event "EYCC G16"]
[Site "Halkidiki GRE"]
[Date "2001.09.08"]
[EventDate "2001.08.31"]
[Round "8"]
[Result "0-1"]
[White "Natalia Pogonina"]
[Black "Marina Romanko Nechaeva"]
[WhiteElo "2265"]
[BlackElo "2230"]
[PlyCount "108"]

1. e4 e6 2. d4 d5 3. Nd2 dxe4 4. Nxe4 Nd7 5. Nf3 Ngf6 6. Nxf6+
Nxf6 7. Bd3 Be7 8. O-O O-O 9. Bg5 b6 10. Qe2 Bb7 11. Rad1 Kh8
12. c3 h6 13. Bh4 Qd5 14. Bb1 Qh5 15. Bxf6 gxf6 16. Be4 Bxe4
17. Qxe4 Bd6 18. Qe3 Rg8 19. g3 Rae8 20. Kh1 Rg4 21. Nd2 f5
22. Qf3 Reg8 23. Nc4 f4 24. Nxd6 cxd6 25. Rde1 Qh3 26. Rg1 Qh5
27. c4 e5 28. dxe5 dxe5 29. Qd5 f6 30. Qc6 Qf5 31. b3 f3
32. Re3 e4 33. Qd5 Qxd5 34. cxd5 f5 35. Rc3 Rd8 36. h3 Rg7
37. Rc6 Rxd5 38. Rxh6+ Rh7 39. Rxh7+ Kxh7 40. Ra1 Rd2 41. Kg1
Rb2 42. Re1 Rxa2 43. g4 Re2 44. Ra1 f4 45. Rxa7+ Kg6 46. Ra1
Kg5 47. Rb1 Kh4 48. b4 e3 49. Rf1 exf2+ 50. Kh2 Re1 51. Rxf2
Re2 52. Kg1 Kg3 53. Rf1 Rg2+ 54. Kh1 f2 0-1

[Event "EYCC G16"]
[Site "Halkidiki GRE"]
[Date "2001.09.09"]
[EventDate "2001.08.31"]
[Round "9"]
[Result "1/2-1/2"]
[White "Bella Igla"]
[Black "Natalia Pogonina"]
[WhiteElo "2088"]
[BlackElo "2265"]
[PlyCount "61"]

1. d4 Nf6 2. c4 c5 3. d5 b5 4. cxb5 a6 5. b6 e6 6. Nc3 exd5
7. Nxd5 Nxd5 8. Qxd5 Nc6 9. Nf3 Rb8 10. e4 Be7 11. Bc4 O-O
12. O-O Rxb6 13. b3 d6 14. Bf4 Be6 15. Qd3 Bf6 16. Rad1 Nd4
17. Nxd4 Bxc4 18. Qxc4 Bxd4 19. Qd5 Qf6 20. Be3 Bxe3 21. fxe3
Qe7 22. Rf3 h6 23. Rdf1 a5 24. Rf5 a4 25. bxa4 Ra6 26. e5 dxe5
27. Rxe5 Qa7 28. Qxc5 Rxa4 29. Qxa7 Rxa7 30. Rf2 Rfa8 31. Ref5
1/2-1/2

[Event "WYG16"]
[Site "Oropesa del Mar ESP"]
[Date "2001.10.21"]
[EventDate "2001.10.06"]
[Round "1"]
[Result "1-0"]
[White "Tana Holusova"]
[Black "Natalia Pogonina"]
[WhiteElo "2042"]
[BlackElo "2272"]
[PlyCount "68"]

1. e4 c5 2. Nf3 d6 3. d4 cxd4 4. Nxd4 Nf6 5. Nc3 g6 6. Be3 Bg7
7. f3 O-O 8. Qd2 Nc6 9. g4 Nxd4 10. Bxd4 Be6 11. O-O-O Rc8
12. h4 Qa5 13. a3 h5 14. Kb1 Rc7 15. g5 Ne8 16. Bxg7 Kxg7
17. Qd4+ Kh7 18. f4 Ng7 19. Nb5 Rc5 20. a4 Rcc8 21. Bd3 a6
22. Nc3 b5 23. f5 Bc4 24. Nd5 Bxd5 25. fxg6+ fxg6 26. exd5
Qxa4 27. Qa7 Rce8 28. Rde1 Rf7 29. Qd7 Qa5 30. Re6 Nxe6
31. Qxe8 Nd8 32. c3 Qc7 33. Rh3 a5 34. Rf3 Rg7 1-0

[Event "WYG16"]
[Site "Oropesa del Mar ESP"]
[Date "2001.10.26"]
[EventDate "2001.10.06"]
[Round "6"]
[Result "1-0"]
[White "Natalia Pogonina"]
[Black "Aleksandra Dimovski"]
[WhiteElo "2272"]
[BlackElo "2083"]
[PlyCount "68"]

1. e4 e5 2. Nf3 Nc6 3. Nc3 Nf6 4. d4 exd4 5. Nxd4 Bb4 6. Nxc6
bxc6 7. Bd3 d5 8. exd5 Qe7+ 9. Be2 Nxd5 10. Bd2 Ba6 11. Nxd5
cxd5 12. c3 O-O 13. Be3 Bxe2 14. Qxe2 Rfe8 15. cxb4 d4 16. a3
dxe3 17. O-O c5 18. b5 Rab8 19. a4 Rb6 20. Rfe1 Re6 21. fxe3
f5 22. Ra3 f4 23. Qc4 Kh8 24. Qxf4 Rf8 25. Qc4 Re4 26. Qe2 c4
27. h4 c3 28. Rxc3 Rxa4 29. Rec1 Ra2 30. Rc8 h6 31. Rxf8+ Qxf8
32. Qg4 Qe7 33. Qd4 Qe6 34. Kh2 h5 1-0

[Event "WYG16"]
[Site "Oropesa del Mar ESP"]
[Date "2001.10.28"]
[EventDate "2001.10.06"]
[Round "7"]
[Result "1/2-1/2"]
[White "Luong Minh Hue"]
[Black "Natalia Pogonina"]
[WhiteElo "2137"]
[BlackElo "2272"]
[PlyCount "39"]

1. c4 c5 2. g3 g6 3. Bg2 Bg7 4. Nc3 Nc6 5. a3 d6 6. b4 cxb4
7. axb4 Nxb4 8. Qa4+ Nc6 9. Bxc6+ bxc6 10. Qxc6+ Bd7 11. Qa6
Nf6 12. Nf3 O-O 13. O-O Qc7 14. d3 Be6 15. Nb5 Qd7 16. Nbd4
Bg4 17. Rb1 Bxf3 18. Nxf3 Rab8 19. Bd2 Qc7 20. h3 1/2-1/2

[Event "WYG16"]
[Site "Oropesa del Mar ESP"]
[Date "2001.10.30"]
[EventDate "2001.10.06"]
[Round "9"]
[Result "1/2-1/2"]
[White "Beata Kadziolka"]
[Black "Natalia Pogonina"]
[WhiteElo "2193"]
[BlackElo "2272"]
[PlyCount "41"]

1. e4 c5 2. Nc3 d6 3. f4 Nc6 4. Nf3 g6 5. Bb5 Bd7 6. O-O Bg7
7. d3 a6 8. Bxc6 Bxc6 9. Qe1 Qd7 10. Bd2 e6 11. Nd5 exd5
12. exd5+ Ne7 13. dxc6 bxc6 14. f5 O-O 15. fxg6 fxg6 16. Bc3
Bxc3 17. Qxc3 Nd5 18. Qd2 Rae8 19. Rae1 Qg4 20. Qg5 Qxg5
21. Nxg5 1/2-1/2

[Event "WYG16"]
[Site "Oropesa del Mar ESP"]
[Date "2001.11.01"]
[EventDate "2001.10.06"]
[Round "10"]
[Result "0-1"]
[White "Natalia Pogonina"]
[Black "Olga Ivkina"]
[WhiteElo "2272"]
[BlackElo "2176"]
[PlyCount "76"]

1. e4 e6 2. d4 d5 3. Nd2 Nf6 4. e5 Nfd7 5. Bd3 c5 6. c3 Nc6
7. Ne2 cxd4 8. cxd4 f6 9. exf6 Nxf6 10. O-O Bd6 11. Nf3 Qc7
12. Be3 O-O 13. h3 e5 14. dxe5 Nxe5 15. Nxe5 Bxe5 16. Rc1 Qf7
17. Nd4 Ne4 18. b4 Kh8 19. Qe2 Bd7 20. Bb5 Rae8 21. Bxd7 Qxd7
22. Qb5 Qf7 23. Rc2 Bb8 24. Qd3 Qh5 25. Ne2 Rf6 26. Bd4 Rg6
27. f4 Qf5 28. Qb3 h5 29. Bb2 h4 30. Bc1 a6 31. Kh2 Ba7
32. Bb2 Ng3 33. Nxg3 Rxg3 34. Rc3 Ree3 35. Rxe3 Bxe3 36. Qd1
Kh7 37. Be5 d4 38. Bxd4 Qe4 0-1

[Event "WYG16"]
[Site "Oropesa del Mar ESP"]
[Date "2001.11.02"]
[EventDate "2001.10.06"]
[Round "11"]
[Result "0-1"]
[White "Beniwal Anuradha"]
[Black "Natalia Pogonina"]
[WhiteElo "2101"]
[BlackElo "2272"]
[PlyCount "64"]

1. e4 c5 2. Nf3 d6 3. d4 cxd4 4. Nxd4 Nf6 5. Nc3 g6 6. Be3 Bg7
7. f3 O-O 8. Bc4 Nc6 9. Qd2 Bd7 10. O-O-O Rc8 11. Bb3 Ne5
12. g4 b5 13. h4 a5 14. g5 Nh5 15. f4 Nc4 16. Bxc4 Rxc4
17. Nce2 Qc8 18. Rhf1 e5 19. Nb3 a4 20. Na5 Rxe4 21. Nc3 Rxe3
22. Qxe3 exf4 23. Qd2 a3 24. Nd5 axb2+ 25. Kb1 Qa6 26. Nc7 Qa7
27. Qxd6 Bf5 28. Nb3 Rc8 29. Rfe1 Bf8 30. Re7 Bxe7 31. Qxe7
Qxc7 32. Qxc7 Rxc7 0-1

[Event "RUS-chT1 (Women)"]
[Site "Serpukhov"]
[Date "2002.??.??"]
[EventDate "?"]
[Round "2"]
[Result "0-1"]
[White "Tatiana Malgina-Sterliagova"]
[Black "Natalia Pogonina"]
[WhiteElo "2374"]
[BlackElo "2501"]
[PlyCount "76"]

1.d4 Nf6 2.c4 c5 3.e3 g6 4.Nc3 Bg7 5.Nf3 O-O 6.Bd3 cxd4 7.exd4
d5 8.O-O Nc6 9.Bg5 Bg4 10.Bxf6 Bxf6 11.Nxd5 Bxd4 12.Be2 Bg7
13.Ne3 Be6 14.Qb3 Nd4 15.Nxd4 Qxd4 16.Rfd1 Qc5 17.Nd5 Rab8
18.Qe3 Qxe3 19.Nxe7+ Kh8 20.fxe3 Bxb2 21.Rab1 Ba3 22.Nd5 Bc5
23.Rb3 Rfd8 24.Bf3 b6 25.g3 Rbc8 26.Kg2 Bf8 27.Rc3 Rc5 28.e4
Rdc8 29.Be2 b5 30.Rdc1 Bg7 31.R3c2 Bh6 32.Rd1 Bf8 33.Rdc1 f5
34.Nf4 Bxc4 35.exf5 Bd5+ 36.Nxd5 Rxc2 37.Rxc2 Rxc2 38.Kf3 gxf5
0-1

[Event "RUS-chT1 (Women)"]
[Site "Serpukhov"]
[Date "2002.??.??"]
[EventDate "?"]
[Round "6"]
[Result "1/2-1/2"]
[White "Elena Zaiatz"]
[Black "Natalia Pogonina"]
[WhiteElo "2390"]
[BlackElo "2501"]
[PlyCount "110"]

1.d4 Nf6 2.c4 c5 3.d5 b5 4.cxb5 a6 5.bxa6 g6 6.Nc3 Bxa6 7.g3
Bg7 8.Bg2 d6 9.Nf3 Nbd7 10.Rb1 O-O 11.O-O Qa5 12.Bd2 Rfb8
13.Qc2 Ng4 14.a4 Nge5 15.Nxe5 Nxe5 16.b3 Qb6 17.h3 Bc8 18.Kh2
Bf5 19.e4 Bc8 20.Be3 Ba6 21.Rfd1 Qa5 22.Na2 Rc8 23.Rbc1 Rab8
24.f4 Nd7 25.Rb1 Rc7 26.Rdc1 Rcc8 27.Qd1 Kf8 28.Bf2 Bb7 29.Bf3
Ra8 30.Kg2 Bf6 31.Bg4 Rd8 32.Bf3 h5 33.Rc2 Rdc8 34.h4 Rcb8
35.Be1 Qa7 36.Bf2 Kg8 37.Nc3 Ba6 38.b4 Bc8 39.bxc5 Nxc5
40.Rxb8 Rxb8 41.e5 Bg7 42.exd6 exd6 43.Nb5 Qd7 44.Nxd6 Qxd6
45.Rxc5 Bd7 46.a5 Kh7 47.Rc6 Qa3 48.Rb6 Rc8 49.a6 Rc3 50.a7
Rxf3 51.Qxf3 Bh3+ 52.Kxh3 Qxf3 53.Rb1 Qxd5 54.Kh2 Qa2 55.Kh3
Qxb1 1/2-1/2

[Event "RUS-ch U20 Girls"]
[Site "Vladimir"]
[Date "2002.03.01"]
[EventDate "?"]
[Round "3"]
[Result "0-1"]
[White "Bairta Kharashkina"]
[Black "Natalia Pogonina"]
[WhiteElo "2229"]
[BlackElo "2501"]
[PlyCount "127"]

1.e4 c5 2.c3 g6 3.d4 cxd4 4.cxd4 d5 5.exd5 Nf6 6.Bb5+ Nbd7
7.Nc3 Bg7 8.Nf3 O-O 9.d6 e6 10.O-O Nb6 11.Ne5 Qxd6 12.Bg5 Nbd5
13.Qb3 a6 14.Be2 Nxc3 15.bxc3 b5 16.a4 bxa4 17.Rxa4 Nd5 18.Nd3
Bd7 19.Ra2 Rfb8 20.Qc2 Bb5 21.Rc1 Bc4 22.Rb2 Rxb2 23.Nxb2 Bxe2
24.Qxe2 h6 25.Bd2 Qa3 26.Nd3 a5 27.Nc5 Qa2 28.c4 Nb4 29.Qe4
Rd8 30.Be3 Qb2 31.Rd1 Qe2 32.Qf3 Qxf3 33.gxf3 Nc2 34.d5 Nxe3
35.fxe3 exd5 36.cxd5 Bc3 37.e4 Kf8 38.Kf2 Rc8 39.Na4 Bb4
40.Ke3 Ke7 41.Nb2 Bc3 42.Nd3 a4 43.Nc1 Kd6 44.Na2 Bb2 45.f4 f6
46.Rd2 a3 47.Rg2 g5 48.fxg5 hxg5 49.Re2 Rb8 50.Rc2 Rb6 51.Kf3
Be5 52.Kg4 Rb2 53.Rc6+ Kd7 54.Nc1 Rg2+ 55.Kf3 Rd2 56.Ra6 Bb2
57.Na2 Rxh2 58.Kg4 Rf2 59.Ra7+ Kd6 60.Ra6+ Kc7 61.Ra7+ Kb6
62.Ra4 Kb5 63.Ra8 Rf4+ 64.Kg3 0-1

[Event "RUS-ch U20 Girls"]
[Site "Vladimir"]
[Date "2002.03.01"]
[EventDate "?"]
[Round "5"]
[Result "0-1"]
[White "Ekaterina Ubiennykh"]
[Black "Natalia Pogonina"]
[WhiteElo "2270"]
[BlackElo "2501"]
[PlyCount "108"]

1.e4 c5 2.Nf3 d6 3.d4 cxd4 4.Nxd4 Nf6 5.Nc3 g6 6.Be2 Bg7 7.O-O
O-O 8.Be3 Nc6 9.Nb3 Be6 10.f4 Rc8 11.Bf3 Nd7 12.Nd4 Nxd4
13.Bxd4 Bxd4+ 14.Qxd4 Qb6 15.Qxb6 Nxb6 16.Rf2 Rc5 17.Rd1 Rfc8
18.Rd4 a5 19.g4 f6 20.f5 Bf7 21.Be2 g5 22.Bd3 Nd7 23.Na4 R5c7
24.b3 Ne5 25.Nb6 Rb8 26.h3 Rc6 27.Nd5 Bxd5 28.Rxd5 b6 29.Kf1
Rc3 30.Ke1 Rbc8 31.Kd1 Kf8 32.a4 Nxd3 33.cxd3 Rxb3 34.Rc2 Rxc2
35.Kxc2 Rb4 36.Kc3 Ke8 37.d4 Rxa4 38.Rb5 Rb4 39.Rxb4 axb4+
40.Kxb4 Kd7 41.d5 Kc7 42.Ka4 Kb7 43.Kb5 h6 44.Kb4 Ka6 45.Ka4
b5+ 46.Kb4 Kb6 47.Kb3 Kc5 48.Kc3 b4+ 49.Kb3 Kb5 50.Kb2 Kc4
51.Kc2 b3+ 52.Kb2 Kb4 53.Kb1 Kc3 54.Kc1 Kd4 0-1

[Event "RUS-ch U20 Girls"]
[Site "Vladimir"]
[Date "2002.03.01"]
[EventDate "?"]
[Round "6"]
[Result "1/2-1/2"]
[White "Natalia Pogonina"]
[Black "Evgenija Ovod"]
[WhiteElo "2501"]
[BlackElo "2447"]
[PlyCount "129"]

1.e4 e5 2.Nf3 Nc6 3.d4 exd4 4.Nxd4 Bb4+ 5.c3 Be7 6.Nxc6 bxc6
7.Bc4 d6 8.Qb3 Nf6 9.Bxf7+ Kf8 10.Bc4 Nxe4 11.O-O d5 12.Be2
Bd6 13.Nd2 Nc5 14.Qd1 Kf7 15.Nf3 Rf8 16.c4 Ne6 17.Be3 Kg8
18.Qd2 Nf4 19.c5 Nxe2+ 20.Qxe2 Be7 21.Ne5 Bf6 22.Bd4 Qe8
23.Rfe1 Bf5 24.Qd2 Be4 25.Qc3 Bxe5 26.Bxe5 Qg6 27.Qg3 Qxg3
28.Bxg3 Rf7 29.Re2 Kf8 30.Rae1 Rd7 31.Be5 Re8 32.Bd4 Rdd8
33.f3 Bg6 34.Re6 Rxe6 35.Rxe6 Be8 36.Kf2 a6 37.Re3 Bd7 38.Rb3
Bf5 39.Ke3 Re8+ 40.Kd2 Bc8 41.Rb8 g6 42.Ra8 Ke7 43.Ra7 Kd7
44.f4 Re7 45.Be5 Ke6 46.Kd3 h5 47.Kd4 Rf7 48.g3 Re7 49.h3 Rf7
50.g4 hxg4 51.hxg4 Rh7 52.Rxc7 Rxc7 53.Bxc7 Ke7 54.Bd6+ Ke8
55.g5 Bf5 56.b4 Kd7 57.a4 Bc2 58.b5 cxb5 59.axb5 axb5 60.Kxd5
Bb3+ 61.Ke5 Bc2 62.Kd5 Bb3+ 63.Kd4 Bc2 64.Kc3 Bf5 65.Kb4
1/2-1/2

[Event "RUS-ch (Women) 1st League"]
[Site "Serpukhov"]
[Date "2003.02.21"]
[EventDate "?"]
[Round "2"]
[Result "0-1"]
[White "Varvara Kirillova"]
[Black "Natalia Pogonina"]
[WhiteElo "2113"]
[BlackElo "2376"]
[PlyCount "100"]

1. Nf3 c5 2. g3 g6 3. Bg2 Bg7 4. O-O Nc6 5. d3 Nf6 6. e4 O-O
7. c3 d6 8. Re1 e5 9. a3 a5 10. a4 h6 11. Na3 Be6 12. Nb5 d5
13. exd5 Nxd5 14. Na3 Qc7 15. Nc4 Rad8 16. Nfd2 Nb6 17. Qb3
Nxc4 18. dxc4 b6 19. Nf1 Ne7 20. f4 Kh7 21. fxe5 Bxe5 22. Rxe5
Qxe5 23. Bf4 Qe2 24. Qxb6 Qxc4 25. Ne3 Qb3 26. Qxc5 Qxb2
27. Rf1 Rd7 28. Qxa5 Rc8 29. c4 Qd4 30. Kh1 g5 31. Nc2 Qxc4
32. Ne3 Qc3 33. Qxc3 Rxc3 34. Nd1 Rxd1 35. Rxd1 gxf4 36. gxf4
Ra3 37. Be4+ Bf5 38. Bxf5+ Nxf5 39. Rd7 Rxa4 40. Rxf7+ Kg6
41. Rb7 Rxf4 42. Kg2 h5 43. h3 h4 44. Rb8 Ne3+ 45. Kh2 Kf5
46. Re8 Rf2+ 47. Kh1 Kf4 48. Rg8 Rf3 49. Kh2 Nf1+ 50. Kg2 Rg3+
0-1

[Event "RUS-ch (Women) 1st League"]
[Site "Serpukhov"]
[Date "2003.02.23"]
[EventDate "?"]
[Round "4"]
[Result "1-0"]
[White "Olga Kuzmina"]
[Black "Natalia Pogonina"]
[WhiteElo "2237"]
[BlackElo "2376"]
[PlyCount "109"]

1. e4 c5 2. Nf3 d6 3. d4 cxd4 4. Nxd4 Nf6 5. Nc3 g6 6. g3 Bg7
7. Bg2 O-O 8. O-O Nc6 9. Nde2 Be6 10. h3 Rc8 11. Nd5 Bxd5
12. exd5 Na5 13. a4 Qc7 14. c3 Qb6 15. Ra3 Nc4 16. Ra2 Nd7
17. b3 Na5 18. Rb2 Qa6 19. Rb1 b5 20. axb5 Qxb5 21. Bg5 Rfe8
22. c4 Qb4 23. Bd2 Qa3 24. Nc3 Nb7 25. Nb5 Qa2 26. h4 Nbc5
27. Bh3 f5 28. Bc3 Ne5 29. Nd4 Qa6 30. Re1 Qb6 31. Bg2 Rb8
32. b4 Ne4 33. Bxe4 fxe4 34. Rxe4 Rf8 35. Qe2 Rf7 36. Kg2 Rbf8
37. f4 Nd7 38. Rd1 Re8 39. Re6 Qa6 40. Ra1 Qb7 41. Rxd6 exd6
42. Qxe8+ Nf8 43. Qc6 Qb8 44. Qa4 Re7 45. Qd1 Qe8 46. Kf2 h5
47. Qd3 Qf7 48. Nc6 Rc7 49. Bxg7 Qxg7 50. Re1 Qb2+ 51. Re2 Qc1
52. Kg2 Rd7 53. Qd4 a6 54. c5 Kf7 55. cxd6 1-0

[Event "RUS-ch (Women) 1st League"]
[Site "Serpukhov"]
[Date "2003.02.24"]
[EventDate "?"]
[Round "5"]
[Result "1-0"]
[White "Natalia Pogonina"]
[Black "Valentina Gunina"]
[WhiteElo "2376"]
[BlackElo "2213"]
[PlyCount "53"]

1. e4 c6 2. d4 d5 3. Nc3 dxe4 4. Nxe4 Bf5 5. Ng3 Bg6 6. h4 h6
7. Nf3 Nd7 8. h5 Bh7 9. Bd3 Bxd3 10. Qxd3 Qc7 11. Bd2 Ngf6
12. O-O-O e6 13. Ne4 Nxe4 14. Qxe4 Nf6 15. Qe2 O-O-O 16. g3
Bd6 17. c4 c5 18. Bc3 cxd4 19. Nxd4 a6 20. Kb1 Kb8 21. Nf3 Ka8
22. Ne5 Rc8 23. Nxf7 Qxf7 24. Rxd6 e5 25. Bxe5 Rxc4 26. Qf3
Rhc8 27. Rxa6# 1-0

[Event "RUS-ch (Women) 1st League"]
[Site "Serpukhov"]
[Date "2003.02.25"]
[EventDate "?"]
[Round "6"]
[Result "1/2-1/2"]
[White "Tatiana Bortsova"]
[Black "Natalia Pogonina"]
[WhiteElo "2151"]
[BlackElo "2376"]
[PlyCount "97"]

1. e4 c5 2. Nc3 Nc6 3. g3 g6 4. Bg2 Bg7 5. Nge2 e6 6. O-O Nge7
7. d3 O-O 8. Be3 Nd4 9. f4 d6 10. g4 f5 11. gxf5 exf5 12. Ng3
Rb8 13. Rb1 Be6 14. Nd5 fxe4 15. dxe4 Bxd5 16. exd5 Nef5
17. Bf2 Nh4 18. c3 Nxg2 19. Kxg2 Nf5 20. Ne4 Nh4+ 21. Bxh4
Qxh4 22. Qf3 Be5 23. Qg3 Rxf4 24. Rxf4 Qxf4 25. Qxf4 Bxf4
26. h4 Kg7 27. b4 cxb4 28. Rxb4 h6 29. a4 g5 30. h5 Be5 31. a5
b6 32. Kh3 Rb7 33. axb6 axb6 34. Rb5 Kf8 35. Rb4 Ke7 36. Kg4
Kf7 37. Kf5 Bf4 38. Nf2 Be3 39. Ng4 Bc5 40. Re4 Kg7 41. Re6
Rf7+ 42. Rf6 Rxf6+ 43. Nxf6 b5 44. Ne8+ Kf7 45. Nc7 b4
46. cxb4 Bxb4 47. Nb5 Bc5 48. Nc3 Bd4 49. Ne4 1/2-1/2

[Event "Wch U18 Girls"]
[Site "Chalkidiki"]
[Date "2003.10.23"]
[EventDate "?"]
[Round "11"]
[Result "1-0"]
[White "Natalia Pogonina"]
[Black "Elizaveta Bronnikova"]
[WhiteElo "2501"]
[BlackElo "2290"]
[PlyCount "103"]

1.e4 d6 2.d4 Nf6 3.Nc3 g6 4.Be3 c6 5.Qd2 b5 6.Bd3 Qc7 7.h3 Bg7
8.Nf3 Nbd7 9.O-O O-O 10.Ne2 a6 11.Ng3 Bb7 12.a4 c5 13.c3 c4
14.Bc2 e5 15.Bh6 Rfe8 16.Rfe1 Bh8 17.axb5 axb5 18.Rxa8 Rxa8
19.Nf5 Re8 20.dxe5 dxe5 21.Nd6 Re6 22.Nxb5 Qc6 23.Na3 Bg7
24.Bxg7 Kxg7 25.Qe3 Ba6 26.b4 cxb3 27.Bxb3 Re7 28.Nc2 Bb7
29.Nb4 Qb5 30.Nd2 Nc5 31.Bd5 Ne6 32.Bc4 Qd7 33.Bxe6 Qxe6 34.c4
Nh5 35.Nd5 Rd7 36.Nb3 Qc6 37.Nc5 Rd6 38.Rb1 Bc8 39.Rb6 Qxb6
40.Nxb6 Rxb6 41.Nb3 Re6 42.c5 Nf4 43.Kh2 Ra6 44.Qc3 Kf6 45.Nd2
Ke6 46.Nc4 f6 47.Nd6 Ra8 48.Qc4+ Kd7 49.Qf7+ Kc6 50.Qe8+ Kc7
51.Nb5+ Kb7 52.Qd8 1-0

[Event "Bykova mem (Women)"]
[Site "Vladimir"]
[Date "2003.12.12"]
[EventDate "?"]
[Round "2"]
[Result "1/2-1/2"]
[White "Natalia Pogonina"]
[Black "Tatiana Kononenko"]
[WhiteElo "2501"]
[BlackElo "2377"]
[PlyCount "115"]

1.e4 e6 2.d4 d5 3.Nd2 c5 4.exd5 Qxd5 5.Ngf3 cxd4 6.Bc4 Qd6
7.O-O Nf6 8.Nb3 Nc6 9.Nbxd4 Nxd4 10.Nxd4 Bd7 11.c3 Be7 12.Qe2
Rc8 13.Bb3 O-O 14.Bg5 Qc5 15.Be3 Qh5 16.Qxh5 Nxh5 17.Nf3 Bc5
18.Rfd1 Nf6 19.Bd4 Bxd4 20.Rxd4 Rc5 21.Re1 Rfc8 22.Ne5 Be8
23.f4 h5 24.Nc4 g6 25.Nd6 R8c7 26.Nxe8 Nxe8 27.Rd8 Kf8 28.Ba4
b5 29.Bb3 Ke7 30.Red1 a5 31.a4 Nf6 32.R8d4 bxa4 33.Bxa4 Rc4
34.g3 Rxd4 35.Rxd4 Nd5 36.Bd1 Rb7 37.Rd2 Nb6 38.Bf3 Rb8 39.Rd4
Rd8 40.Rxd8 Kxd8 41.Bc6 Nc4 42.b3 Kc7 43.Ba4 Nd6 44.b4 Kb6
45.Kg2 f6 46.h4 e5 47.fxe5 fxe5 48.Kf3 axb4 49.cxb4 Nf5 50.Be8
e4+ 51.Kg2 e3 52.Bxg6 e2 53.Kf2 Nxg3 54.Bd3 Kc6 55.Bxe2 Nxe2
56.Kxe2 Kb5 57.Kf3 Kxb4 58.Kf4 1/2-1/2

[Event "RUS-ch U20 Girls"]
[Site "Samara"]
[Date "2004.??.??"]
[EventDate "?"]
[Round "3"]
[Result "1-0"]
[White "Natalia Pogonina"]
[Black "Valentina Gunina"]
[WhiteElo "2501"]
[BlackElo "2437"]
[PlyCount "101"]

1.e4 c6 2.d4 d5 3.Nc3 dxe4 4.Nxe4 Nd7 5.Bd3 Ngf6 6.Ng5 e6
7.N1f3 Bd6 8.Qe2 h6 9.Ne4 Nxe4 10.Qxe4 Nf6 11.Qe2 Qc7 12.Bd2
b6 13.O-O-O Bb7 14.Ne5 O-O-O 15.f4 Rhf8 16.Kb1 c5 17.dxc5 Bxc5
18.Rhe1 Nd5 19.a3 Kb8 20.g3 Ne7 21.Be4 Nf5 22.Bxb7 Qxb7 23.Bc3
a6 24.Rd3 Rd5 25.Rxd5 exd5 26.Nd3 d4 27.Bb4 Bxb4 28.Nxb4 Ka7
29.Qd3 a5 30.Qxf5 axb4 31.axb4 Rd8 32.Qe4 Qxe4 33.Rxe4 Rd7
34.Kc1 Ka6 35.Kd2 Kb5 36.Kd3 f6 37.Rxd4 Re7 38.Kd2 h5 39.b3
Re6 40.c3 Kc6 41.c4 f5 42.Rd5 g6 43.Re5 Rd6+ 44.Kc3 Rf6 45.Re7
Kd6 46.Rg7 Re6 47.b5 h4 48.g4 Re4 49.Rxg6+ Kc7 50.Rg7+ Kd6
51.Rb7 1-0

[Event "RUS-ch U20 Girls"]
[Site "Samara"]
[Date "2004.??.??"]
[EventDate "?"]
[Round "7"]
[Result "1-0"]
[White "Natalia Pogonina"]
[Black "Inara Dzhabrailova"]
[WhiteElo "2501"]
[BlackElo "2097"]
[PlyCount "89"]

1.e4 e6 2.d4 d5 3.Nd2 c5 4.exd5 Qxd5 5.Ngf3 cxd4 6.Bc4 Qd6
7.O-O Nf6 8.Nb3 Nc6 9.Nbxd4 Nxd4 10.Nxd4 a6 11.c3 Qc7 12.Qe2
Bd6 13.h3 O-O 14.Bb3 b5 15.Bg5 Bb7 16.Rad1 Rfe8 17.Bxf6 gxf6
18.Bc2 Qc5 19.Qd3 Qg5 20.Nf3 Bxf3 21.Qxf3 Qf4 22.Qxf4 Bxf4
23.Rd7 Red8 24.Rfd1 Rxd7 25.Rxd7 Rc8 26.Be4 b4 27.g3 bxc3
28.bxc3 Be5 29.Bb7 Rxc3 30.Bxa6 f5 31.a4 Ra3 32.Bb5 f4 33.gxf4
Bxf4 34.Kg2 Ra2 35.Kf3 Bg5 36.Kg4 h6 37.f4 f5+ 38.Kh5 Bxf4
39.Kg6 Rg2+ 40.Kf6 Bg5+ 41.Kxe6 f4 42.a5 f3 43.a6 Ra2 44.a7
Re2+ 45.Bxe2 1-0

[Event "Moscow Aeroflot op-B"]
[Site "Moscow"]
[Date "2004.02.17"]
[EventDate "?"]
[Round "7"]
[Result "1/2-1/2"]
[White "Natalia Pogonina"]
[Black "Igor Yagupov"]
[WhiteElo "2501"]
[BlackElo "2487"]
[PlyCount "109"]

1.e4 c5 2.Nf3 Nc6 3.d4 cxd4 4.Nxd4 e5 5.Nb5 d6 6.c4 Be7 7.N1c3
a6 8.Na3 f5 9.exf5 Bxf5 10.Bd3 Be6 11.O-O Nf6 12.Nc2 O-O
13.Bg5 Qe8 14.b3 Bd8 15.Qe2 Bb6 16.Ne4 Rd8 17.Rad1 Kh8 18.Kh1
Rd7 19.Ng3 Bg4 20.f3 Be6 21.Be3 Bxe3 22.Qxe3 d5 23.cxd5 Nxd5
24.Qc5 Rc7 25.Qf2 Nc3 26.Ra1 Qd7 27.Be4 Rd8 28.Qb6 Nd4 29.Nxd4
exd4 30.Bd3 Rc6 31.Qa5 b5 32.Rfe1 Rdc8 33.Kg1 g6 34.Qb4 Qd6
35.Qxd6 Rxd6 36.Ne4 Rdc6 37.Nc5 Bg8 38.Nd7 Rd6 39.Ne5 Kg7
40.f4 Bd5 41.g3 Rf8 42.Ng4 Rf7 43.Re5 Re6 44.Rxe6 Bxe6 45.Ne5
Rc7 46.Nf3 Bg4 47.Ne5 Bf5 48.Kf2 Rc5 49.Bxf5 gxf5 50.Ke1 Ne4
51.Kd1 Rc3 52.Rc1 b4 53.Rc2 Kf6 54.Rxc3 Nxc3+ 55.Kc2 1/2-1/2